Voskové a tragantové plastiky pod sklem

Bibliographic Details
Main Author: Dvořáková, Hana (Author)
Format: Article
Language:Czech
PhysicalDescription:Fotogr.
ISSN:1335-4353
Subjects:

MARC

LEADER 00000nab a2200000 a 4500
001 vtls009178738
003 SK-MaSNL
005 20260303044134.0
008 140429c2007 xo |||||| b ||00 b|cze
015 |a SNBRB2008/01  |2 snkbucl 
038 |a SNKBUCL 
040 |a SNKBUCL  |b slo  |c SNKBUCL  |e AACR2 
041 0 |a cze 
044 |a xo  |c SK 
080 |a 904:730.027  |2 1997 
080 |a 730.027  |x "18/19"  |2 1997 
100 1 |a Dvořáková, Hana  |4 aut  |9 285037 
245 1 0 |a Voskové a tragantové plastiky pod sklem  |c Hana Dvořáková 
300 |b Fotogr. 
546 |a Literatúra 
648 7 |a 19.-20. stor., začiatok  |2 snkbucl  |9 837114 
650 0 7 |a ceroplastika  |2 snkbucl  |9 1032640 
650 0 7 |a tragantové plastiky pod skleneným poklopom  |2 snkbucl  |9 1032641 
650 0 7 |a voskové plastiky pod skeneným poklopom  |2 snkbucl  |9 1032642 
773 0 |t Pamiatky a múzeá  |g Roč. 56, č. 4 (2007), s. 59-62  |x 1335-4353 
852 |a SNK  |b KIS3GCP 
958 |a CZ 
958 |a NB 
999 |c 1699367  |d 1701297